000 00416nam a2200181Ia 4500
003 OSt
005 20240206100309.0
008 210210b1924 xxu||||| |||| 00| 0 eng d
040 _cAL
041 _aSanskrit
082 _a881/55
100 _aKALIDASA
_9149686
245 _aRaghuvamsa 11 and 12 cantos
260 _aPoona
_b-
_c1924
690 _aSanskrit Poetry
_9149687
906 _a024226
942 _2ddc
_cBK
999 _c149623
_d149623